| 000 | 00839nam a2200277Ia 4500 | ||
|---|---|---|---|
| 003 | OSt | ||
| 005 | 20220912144928.0 | ||
| 006 | a|||||r|||| 00| 0 | ||
| 007 | ta | ||
| 008 | 220909b |||||||| |||| 00| 0 eng d | ||
| 020 | _a1904868460 (hbd) | ||
| 024 | _a77707 | ||
| 037 | _cTextbook | ||
| 040 |
_aCSL _beng _cCSL |
||
| 041 | _aeng | ||
| 082 | _aB33, P6 TB | ||
| 100 | _aLakshmikantham V | ||
| 245 | 0 | _aTheory of set differential equations in metric spaces | |
| 260 |
_aCambridge _bCambridge Scientifc Publishers _c2006 |
||
| 300 |
_aix,204p. _ccm. |
||
| 500 | _aBibliographical references 197-202p; Index 203-204p | ||
| 700 | _a Bhaskar T Gnana | ||
| 700 | _a Vasundhara Devi J | ||
| 942 |
_hB33, P6 TB _cTB _2CC |
||
| 999 |
_c19269 _d19269 |
||